| 000 | 00564pam a2200217 a 4500 | ||
|---|---|---|---|
| 020 | _c | ||
| 040 | _aMedical College Lib | ||
| 041 |
_aENG _hENG |
||
| 082 |
_a616.6 _bSMI |
||
| 100 | _aSmith, . | ||
| 245 |
_aSmith`s General Urology / _c _hTextual Documents |
||
| 250 |
_a15th / _b. |
||
| 260 |
_a : _bLange Med. Books McGraw - Hill , _c2000. |
||
| 300 |
_a659 ; _c |
||
| 365 | _a853=00 | ||
| 653 |
_aUrology _aMedicine _aMedical Science |
||
| 700 | _aTangho, E. A. . | ||
| 930 | _a2663 | ||
| 999 |
_c2662 _d2662 |
||